| Tag |
First Indicator |
Second Indicator |
Subfields |
| LEADER |
00000cam a22000004a 4500 |
| 001 |
in00002539421 |
| 005 |
20151113133350.0 |
| 008 |
090528s2010 ne a b 011 0 eng |
| 010 |
|
|
|a 2009022055
|
| 020 |
|
|
|a 9789004178748 (hard cover : alk. paper)
|
| 020 |
|
|
|a 9004178740 (hard cover : alk. paper)
|
| 029 |
1 |
|
|a OHX
|b har095030000
|
| 035 |
|
|
|a (OCoLC)ocn373561014
|
| 035 |
|
|
|a (OCoLC)373561014
|
| 040 |
|
|
|a DLC
|c DLC
|d C#P
|d OHX
|d UtOrBLW
|
| 043 |
|
|
|a f-ua---
|
| 049 |
|
|
|a TXAM
|
| 050 |
0 |
0 |
|a DT60
|b .O58 2010
|
| 082 |
0 |
0 |
|a 932
|2 22
|
| 245 |
0 |
0 |
|a Offerings to the discerning eye :
|b an Egyptological medley in honor of Jack A. Josephson /
|c edited by Sue H. D'Auria.
|
| 264 |
|
1 |
|a Leiden ;
|a Boston :
|b Brill,
|c 2010.
|
| 300 |
|
|
|a xxix, 362 pages :
|b illustrations (some color) ;
|c 30 cm.
|
| 336 |
|
|
|a text
|b txt
|2 rdacontent
|
| 337 |
|
|
|a unmediated
|b n
|2 rdamedia
|
| 338 |
|
|
|a volume
|b nc
|2 rdacarrier
|
| 490 |
1 |
|
|a Culture and history of the ancient Near East,
|x 1566-2055 ;
|v v. 38
|
| 504 |
|
|
|a Includes bibliographical references and index.
|
| 651 |
|
0 |
|a Egypt
|x Antiquities.
|
| 650 |
|
0 |
|a Historic sites
|z Egypt.
|
| 650 |
|
0 |
|a Excavations (Archaeology)
|z Egypt.
|
| 650 |
|
0 |
|a Egyptology.
|
| 651 |
|
0 |
|a Egypt
|x Civilization
|y To 332 B.C.
|
| 700 |
1 |
|
|a D'Auria, Sue.
|
| 700 |
1 |
|
|a Josephson, Jack A.
|
| 830 |
|
0 |
|a Culture and history of the ancient Near East ;
|v v. 38.
|
| 938 |
|
|
|a Otto Harrassowitz
|b HARR
|n har095030000
|
| 945 |
|
|
|a PromptCat
|b 872861
|
| 946 |
|
|
|a stk
|
| 947 |
|
|
|a A14840029203
|
| 994 |
|
|
|a 92
|b TXA
|
| 948 |
|
|
|a cataloged
|b h
|d 2010/1/11
|h c
|e asalazar
|f 12:50:52 pm
|
| 999 |
|
|
|a MARS
|
| 999 |
f |
f |
|s 99565534-3a92-3f1f-be2f-04069c3adfcc
|i 9e9c9510-f000-36db-a34d-8cfb8097f54a
|t 0
|
| 952 |
f |
f |
|p normal
|a Texas A&M University
|b College Station
|c Sterling C. Evans Library
|d Evans: Library Stacks
|t 0
|e DT60 .O58 2010
|h Library of Congress classification
|i unmediated -- volume
|m A14840029203
|
| 998 |
f |
f |
|a DT60 .O58 2010
|t 0
|l Evans: Library Stacks
|